Vainqueurs de Majors - CS:GO & CS2 - Statistiques

Statistiques générales
  • Ce quiz a été pris 114 fois
  • Le résultat moyen est 70 sur 132
Statistiques - réponses
Major Indice Réponse % Correct
BLAST.tv Paris Major 2023 Equipe Vitality
95%
BLAST.tv Austin Major 2025 Equipe Vitality
95%
DreamHack Open Cluj-Napoca 2015 Joueur 3 apEX
91%
BLAST.tv Paris Major 2023 Joueur 4 apEX
91%
BLAST.tv Austin Major 2025 Joueur 5 apEX
91%
BLAST.tv Paris Major 2023 Joueur 1 (MVP) ZywOo
91%
BLAST.tv Austin Major 2025 Joueur 1 (MVP) ZywOo
91%
PGL Major Antwerp 2022 Joueur 4 ropz
86%
BLAST.tv Austin Major 2025 Joueur 2 ropz
86%
PGL Major Antwerp 2022 Equipe FaZe
84%
BLAST.tv Austin Major 2025 Joueur 3 flameZ
84%
Perfect World Shanghai Major 2024 Joueur 1 (MVP) donk
83%
PGL Major Stockholm 2021 Joueur 1 (MVP) s1mple
83%
ELEAGUE Major 2017 (Atlanta) Equipe Astralis
81%
FACEIT Major 2018 (London) Equipe Astralis
81%
IEM Katowice 2019 Equipe Astralis
81%
StarLadder Major Berlin 2019 Equipe Astralis
81%
BLAST.tv Austin Major 2025 Joueur 4 mezii
81%
Perfect World Shanghai Major 2024 Equipe Spirit
81%
PGL Major Stockholm 2021 Equipe Natus Vincere
78%
PGL CS2 Major Copenhagen 2024 Equipe Natus Vincere
78%
PGL Major Antwerp 2022 Joueur 3 karrigan
76%
FACEIT Major 2018 (London) Joueur 5 Magisk
76%
IEM Katowice 2019 Joueur 1 (MVP) Magisk
76%
StarLadder Major Berlin 2019 Joueur 5 Magisk
76%
BLAST.tv Paris Major 2023 Joueur 3 Magisk
76%
DreamHack Open Cluj-Napoca 2015 Joueur 1 (MVP) kennyS
74%
DreamHack Winter 2013 (Jönköping) Equipe fnatic
72%
ESL One Katowice 2015 Equipe fnatic
72%
ESL One Cologne 2015 Equipe fnatic
72%
DreamHack Winter 2014 (Jönköping) Joueur 4 shox
72%
ELEAGUE Major 2017 (Atlanta) Joueur 3 dupreeh
71%
FACEIT Major 2018 (London) Joueur 3 dupreeh
71%
IEM Katowice 2019 Joueur 3 dupreeh
71%
StarLadder Major Berlin 2019 Joueur 3 dupreeh
71%
BLAST.tv Paris Major 2023 Joueur 5 dupreeh
71%
BLAST.tv Paris Major 2023 Joueur 2 Spinx
71%
ESL One Cologne 2014 Equipe Ninjas in Pyjamas
69%
PGL CS2 Major Copenhagen 2024 Joueur 5 Aleksib
67%
PGL Major Stockholm 2021 Joueur 3 b1t
67%
PGL CS2 Major Copenhagen 2024 Joueur 2 b1t
67%
ELEAGUE Major 2017 (Atlanta) Joueur 5 device
67%
FACEIT Major 2018 (London) Joueur 1 (MVP) device
67%
IEM Katowice 2019 Joueur 5 device
67%
StarLadder Major Berlin 2019 Joueur 1 (MVP) device
67%
Perfect World Shanghai Major 2024 Joueur 5 chopper
64%
DreamHack Winter 2014 (Jönköping) Equipe LDLC
64%
Perfect World Shanghai Major 2024 Joueur 4 magixx
64%
PGL Major Antwerp 2022 Joueur 1 (MVP) rain
60%
Perfect World Shanghai Major 2024 Joueur 2 sh1ro
60%
ELEAGUE Major 2018 (Atlanta) Equipe Cloud9
59%
DreamHack Open Cluj-Napoca 2015 Equipe Envy
59%
PGL CS2 Major Copenhagen 2024 Joueur 3 iM
59%
PGL CS2 Major Copenhagen 2024 Joueur 1 (MVP) jL
59%
PGL CS2 Major Copenhagen 2024 Joueur 4 w0nderful
59%
Perfect World Shanghai Major 2024 Joueur 3 zont1x
59%
PGL Major Antwerp 2022 Joueur 2 broky
57%
DreamHack Winter 2014 (Jönköping) Joueur 1 (MVP) Happy
57%
DreamHack Open Cluj-Napoca 2015 Joueur 4 Happy
57%
ELEAGUE Major 2017 (Atlanta) Joueur 4 gla1ve
55%
FACEIT Major 2018 (London) Joueur 4 gla1ve
55%
IEM Katowice 2019 Joueur 4 gla1ve
55%
StarLadder Major Berlin 2019 Joueur 4 gla1ve
55%
PGL Major Stockholm 2021 Joueur 2 electroNic
53%
ESL One Cologne 2016 Equipe SK
53%
EMS One Katowice 2014 Equipe Virtus.pro
53%
DreamHack Winter 2014 (Jönköping) Joueur 3 NBK-
52%
DreamHack Open Cluj-Napoca 2015 Joueur 2 NBK-
52%
MLG Columbus 2016 Joueur 2 FalleN
50%
ESL One Cologne 2016 Joueur 2 FalleN
50%
ESL One Cologne 2014 Joueur 2 GeT_RiGhT
50%
IEM Rio Major 2022 Equipe Outsiders
50%
PGL Major Antwerp 2022 Joueur 5 Twistzz
48%
PGL Major Krakow 2017 Equipe Gambit
47%
DreamHack Winter 2013 (Jönköping) Joueur 1 (MVP) JW
47%
ESL One Katowice 2015 Joueur 4 JW
47%
ESL One Cologne 2015 Joueur 4 JW
47%
MLG Columbus 2016 Equipe Luminosity
47%
MLG Columbus 2016 Joueur 1 (MVP) coldzera
45%
ESL One Cologne 2016 Joueur 1 (MVP) coldzera
45%
IEM Rio Major 2022 Joueur 1 (MVP) Jame
45%
ELEAGUE Major 2018 (Atlanta) Joueur 4 Stewie2K
45%
ESL One Cologne 2014 Joueur 3 f0rest
43%
DreamHack Winter 2013 (Jönköping) Joueur 3 flusha
43%
ESL One Katowice 2015 Joueur 2 flusha
43%
ESL One Cologne 2015 Joueur 1 (MVP) flusha
43%
DreamHack Winter 2014 (Jönköping) Joueur 2 kioShiMa
43%
DreamHack Open Cluj-Napoca 2015 Joueur 5 kioShiMa
43%
ESL One Katowice 2015 Joueur 1 (MVP) olofmeister
43%
ESL One Cologne 2015 Joueur 2 olofmeister
43%
EMS One Katowice 2014 Joueur 1 (MVP) pashaBiceps
43%
PGL Major Stockholm 2021 Joueur 5 Boombl4
41%
DreamHack Winter 2014 (Jönköping) Joueur 5 SmithZz
41%
PGL Major Stockholm 2021 Joueur 4 Perfecto
40%
ELEAGUE Major 2017 (Atlanta) Joueur 2 Xyp9x
40%
FACEIT Major 2018 (London) Joueur 2 Xyp9x
40%
IEM Katowice 2019 Joueur 2 Xyp9x
40%
StarLadder Major Berlin 2019 Joueur 2 Xyp9x
40%
PGL Major Krakow 2017 Joueur 2 mou
34%
EMS One Katowice 2014 Joueur 4 Snax
34%
ELEAGUE Major 2018 (Atlanta) Joueur 1 (MVP) tarik
34%
IEM Rio Major 2022 Joueur 2 fame
33%
MLG Columbus 2016 Joueur 3 fer
33%
ESL One Cologne 2016 Joueur 3 fer
33%
ESL One Katowice 2015 Joueur 3 KRIMZ
33%
ESL One Cologne 2015 Joueur 3 KRIMZ
33%
EMS One Katowice 2014 Joueur 5 TaZ
31%
EMS One Katowice 2014 Joueur 2 NEO
29%
MLG Columbus 2016 Joueur 4 TACO
29%
ESL One Cologne 2016 Joueur 4 TACO
29%
PGL Major Krakow 2017 Joueur 3 HObbit
28%
IEM Rio Major 2022 Joueur 4 n0rber7
28%
PGL Major Krakow 2017 Joueur 4 Dosia
26%
IEM Rio Major 2022 Joueur 3 FL1T
26%
MLG Columbus 2016 Joueur 5 fnx
26%
ESL One Cologne 2016 Joueur 5 fnx
26%
ELEAGUE Major 2017 (Atlanta) Joueur 1 (MVP) Kjaerbye
26%
IEM Rio Major 2022 Joueur 5 Qikert
26%
ELEAGUE Major 2018 (Atlanta) Joueur 2 Skadoodle
26%
PGL Major Krakow 2017 Joueur 5 Zeus
26%
ELEAGUE Major 2018 (Atlanta) Joueur 3 autimatic
24%
ESL One Cologne 2014 Joueur 1 (MVP) friberg
24%
PGL Major Krakow 2017 Joueur 1 (MVP) AdreN
21%
EMS One Katowice 2014 Joueur 3 byali
21%
ELEAGUE Major 2018 (Atlanta) Joueur 5 RUSH
21%
ESL One Cologne 2014 Joueur 4 Xizt
21%
ESL One Cologne 2014 Joueur 5 Fifflaren
19%
DreamHack Winter 2013 (Jönköping) Joueur 4 pronax
19%
ESL One Katowice 2015 Joueur 5 pronax
19%
ESL One Cologne 2015 Joueur 5 pronax
19%
DreamHack Winter 2013 (Jönköping) Joueur 5 Devilwalk
17%
DreamHack Winter 2013 (Jönköping) Joueur 2 znajder
7%
Aucun quiz correspondant
Distribution des résultats
% des personnes avec chaque résultat
Percentile par nombre de réponses
Votre historique - résultats
Vous n’avez pas pris ce quiz